| 000 | 00690cam a2200265 4500 | ||
|---|---|---|---|
| 001 | B3505 | ||
| 008 | 090401t1991 xxu||||| |||| 00| 0 eng d | ||
| 035 | _a(Sirsi) u56368 | ||
| 041 | _aeng | ||
| 050 | _a333.0065 | ||
| 245 | 4 | _aThe chartered surveyors survey 1991 edition | |
| 260 |
_aLondon _bEconomic Development Briefing _c1991 |
||
| 300 | _a166 leaves ; 30cm. | ||
| 350 | _a330 | ||
| 490 |
_aEconomic Development Briefing _vVolumme XV |
||
| 650 | _aCHARTERED SURVEYORS SURVEY | ||
| 650 | _aABOUT RICS-RICS MEMBERS | ||
| 650 | _aDIRECTORIES | ||
| 650 | _aESTATE AGENTS | ||
| 650 | _aEUROPE | ||
| 650 | _aFEES | ||
| 650 | _aSALARIES | ||
| 942 | _n0 | ||
| 948 | _c04/03/1997 | ||
| 999 |
_c93780 _d93780 |
||